Is it alive?/ (Record no. 3051)

MARC details
000 -LEADER
fixed length control field 00793nam a22002657a 4500
001 - CONTROL NUMBER
control field 3051
003 - CONTROL NUMBER IDENTIFIER
control field FISKH
005 - DATE AND TIME OF LATEST TRANSACTION
control field 20260213131243.0
008 - FIXED-LENGTH DATA ELEMENTS--GENERAL INFORMATION
fixed length control field 240201b cb ||||| |||| 00| 0 eng d
020 ## - INTERNATIONAL STANDARD BOOK NUMBER
International Standard Book Number 9780916119256
040 ## - CATALOGING SOURCE
Original cataloging agency FISKH
Language of cataloging eng
Transcribing agency FISKH
Modifying agency FISKH
050 ## - LIBRARY OF CONGRESS CALL NUMBER
Classification number 370
100 ## - MAIN ENTRY--PERSONAL NAME
Personal name Graves, Kimberlee
245 ## - TITLE STATEMENT
Title Is it alive?/
Statement of responsibility, etc. by Graves, Kimberlee : illustrated by Carlson, Gayle
260 ## - PUBLICATION, DISTRIBUTION, ETC.
Place of publication, distribution, etc. New York :
Name of publisher, distributor, etc. Creative Teaching Press ,
Date of publication, distribution, etc. 1994
300 ## - PHYSICAL DESCRIPTION
Extent 8 pages :
Other physical details color illustrations ;
Dimensions 17 cm .
490 ## - SERIES STATEMENT
Series statement Learn to Read
505 ## - FORMATTED CONTENTS NOTE
Formatted contents note C <br/>
520 ## - SUMMARY, ETC.
Summary, etc. All things are living or nonliving.
521 8# - TARGET AUDIENCE NOTE
Target audience note 100 <br/>
Source Lexile <br/>
521 8# - TARGET AUDIENCE NOTE
Target audience note C <br/>
Source Raz-Plus <br/>
600 ## - SUBJECT ADDED ENTRY--PERSONAL NAME
Source of heading or term living things
Form subdivision non-fiction
700 ## - ADDED ENTRY--PERSONAL NAME
Personal name Carlson, Nancy Gayle
Relator term illustrator
942 ## - ADDED ENTRY ELEMENTS (KOHA)
Source of classification or shelving scheme Dewey Decimal Classification
Koha item type Books
Suppress in OPAC No
Holdings
Withdrawn status Lost status Source of classification or shelving scheme Damaged status Not for loan Collection Home library Current library Shelving location Date acquired Total Checkouts Full call number Barcode Date last seen Date last checked out Price effective from Koha item type
    Dewey Decimal Classification     Non-Fiction Footprints International School Library Network Toul Tom Poung Campus Footprints International School Library Network Toul Tom Poung Campus TTP Primary Green Bookshelves 02/01/2024 3 GRA 370 FISTK02831 02/26/2026 02/26/2026 02/01/2024 Books